[Event "AUTO-OPEN-4612"]
[Site "http://www.queenalice.com/game.php?id=1865789"]
[Date "2025.11.19"]
[Round "2"]
[White "bmax"]
[Black "IranSilva"]
[Result "1/2-1/2"]
[WhiteElo "2261"]
[BlackElo "2218"]

1. d4 d5 2. Nf3 Nf6 3. e3 e6 4. Bd3 c5 5. b3 Nc6 6. a3 Bd6 7. Bb2 O-O 8. Nbd2 b6
9. Ne5 Qc7 10. f4 Bb7 11. O-O Be7 12. Qe1 cxd4 13. exd4 Nd7 14. Rf3 f6 15. Nxc6
Qxc6 16. Rh3 f5 17. Nf3 Bf6 18. Ng5 Bxg5 19. fxg5 g6 20. Qh4 Rf7 21. a4 a6 22.
Qf4 Rc8 23. Re3 Nf8 24. h4 Qc7 25. Re5 Nd7 26. Rae1 Nxe5 27. Rxe5 b5 28. axb5
axb5 29. Ba3 Ra8 30. Bb2 Ra2 31. Bc1 Bc8 32. b4 Qd6 33. Bd2 Rfa7 34. h5 Ra1+ 35.
Kh2 Rb1 36. hxg6 hxg6 37. Kg3 Rxb4 38. Bxb4 Qxb4 39. Qh4 Rh7 40. Qf4 Qb1 41. Kf2
Rh1 42. Kg3 Qg1 43. Bxb5 Qh2+ 44. Kf3 Qh5+ 45. Kf2 Rh4 46. Qe3 Rg4 47. Rxd5 Qh4+
48. Kg1 Re4 49. Rd8+ Kf7 50. Qf2 Qxg5 51. Rxc8 Qc1+ 52. Bf1 Rf4 53. Qe2 Re4 54.
Qf2 Rf4 55. Qe2 Re4 56. Qf2 1/2-1/2

[Event "AUTO-OPEN-4598"]
[Site "http://www.queenalice.com/game.php?id=1866686"]
[Date "2025.12.7"]
[Round "2"]
[White "IranSilva"]
[Black "bmax"]
[Result "0-1"]
[WhiteElo "2203"]
[BlackElo "2270"]

1. Nf3 d5 2. c4 c6 3. g3 Nf6 4. Bg2 dxc4 5. Qc2 Bg4 6. Qxc4 e6 7. Ne5 Bh5 8. d3
Qa5+ 9. Nc3 Qxe5 10. Bf4 Qa5 11. O-O Be7 12. h4 O-O 13. f3 Qc5+ 14. Qxc5 Bxc5+
15. Kh2 Nbd7 16. g4 Bxg4 17. fxg4 Nxg4+ 18. Kg3 f5 19. Bh3 h5 20. Bxg4 hxg4 21.
e4 Nf6 22. Be5 Nh5+ 23. Kh2 Rad8 24. Rad1 Bd4 25. Bxd4 Rxd4 26. Ne2 Rd7 27. Ng3
Nxg3 28. Kxg3 g6 0-1

[Event "AUTO-OPEN-4598"]
[Site "http://www.queenalice.com/game.php?id=1866687"]
[Date "2025.12.7"]
[Round "2"]
[White "bmax"]
[Black "IranSilva"]
[Result "1-0"]
[WhiteElo "2260"]
[BlackElo "2210"]

1. d4 d5 2. Nf3 Nf6 3. e3 Bf5 4. Bd3 e6 5. Bxf5 exf5 6. b3 Bd6 7. Bb2 O-O 8. O-O
Nbd7 9. Qd3 Ne4 10. c4 c6 11. cxd5 cxd5 12. Nc3 Ndf6 13. Ne2 Rc8 14. Ne5 Nd7 15.
f3 Nxe5 16. dxe5 Nc5 17. Qxf5 Bb8 18. Rad1 Re8 19. f4 Qa5 20. Nc3 Red8 21. Nxd5
1-0

[Event "AUTO-OPEN-4629"]
[Site "http://www.queenalice.com/game.php?id=1866822"]
[Date "2025.12.9"]
[Round "1"]
[White "bmax"]
[Black "Magnaroc"]
[Result "1-0"]
[WhiteElo "2281"]
[BlackElo "1554"]

1. d4 e6 2. Nf3 d5 3. e3 c5 4. b3 Nf6 5. Bb2 Nc6 6. Bd3 a6 7. Nbd2 b5 8. dxc5
Bxc5 9. O-O O-O 10. Qb1 Be7 11. c4 bxc4 12. bxc4 dxc4 13. Nxc4 Nb4 14. Rd1 Nxd3
15. Rxd3 Qc7 16. Qc1 Bb7 17. Be5 Qc6 18. Rb1 Nd7 19. Qb2 Nxe5 20. Ncxe5 Qb5 21.
Rb3 1-0

[Event "AUTO-OPEN-4629"]
[Site "http://www.queenalice.com/game.php?id=1866823"]
[Date "2025.12.9"]
[Round "1"]
[White "Magnaroc"]
[Black "bmax"]
[Result "1-0"]
[WhiteElo "1524"]
[BlackElo "2280"]

1. e4 c6 2. d4 d5 3. Nc3 dxe4 4. Nxe4 Bf5 5. Ng3 Bg6 6. Nf3 Nd7 7. Bd3 Ngf6 8.
Bg5 e6 9. h4 h5 10. Bxg6 fxg6 11. Qd3 Kf7 12. O-O-O Bd6 13. Ne4 Be7 14. Rhe1 Qa5
15. Kb1 Nxe4 16. Qxe4 Nf6 17. Qxe6+ 1-0

[Event "AUTO-OPEN-4635"]
[Site "http://www.queenalice.com/game.php?id=1868284"]
[Date "2026.1.21"]
[Round "1"]
[White "MarcosT"]
[Black "bmax"]
[Result "0-1"]
[WhiteElo "2017"]
[BlackElo "2269"]

1. d4 d5 2. e3 c6 3. f4 Bf5 4. Nd2 e6 5. Ngf3 Nf6 6. Be2 Be7 7. O-O O-O 8. Ne5
c5 9. c3 Ne4 10. Nxe4 Bxe4 11. Bd2 Nd7 12. Bf3 Bxf3 13. Qxf3 f5 14. Qh5 c4 15.
Rf3 Nf6 16. Qh3 Ne4 0-1